000 02491cam a22006014i 4500
003 PE-LiUPU
005 20250731180144.0
008 150706s r 000 0 d
020 _a9972813401
035 _a(Sirsi) i9789972813405
040 _aPE-LiUPU
_bspa
_cPE-LiUPU
_erda
049 _aPRUA
082 0 4 _a510
_bL32
_221
100 1 _aLázaro Carrión, Moisés,
_eautor.
245 1 0 _aMatemática básica [A].
_n1 /
_cMoisés Lázaro Carrión.
264 1 _aLima :
_bMoshera,
_c2007.
300 _a595 páginas :
_bilustraciones ;
_c21 cm.
336 _atext
_2rdacontent
337 _aunmediated
_2rdamedia
338 _avolume
_2rdacarrier
505 0 _aNociones de lógica -- Conjuntos -- Relaciones Binarias -- Números reales -- Axioma del Supremo -- Inducción matemática
526 _aSEG44
526 _aSEG26
526 _aP159
526 _aP155
526 _aP154
526 _aP153
526 _aP150
526 _aP100
526 _aP31
526 _aP30
526 _aP26
526 _aP25
526 _aP24
526 _aP22
526 _aP15
526 _aP10
541 _g015-0012821;
541 _g015-0016195;
650 0 4 _aMatemáticas.
_9187
910 _bjv
_cng
_d20110601
910 _btqv
_d20220418
942 _2ddc
_cBOOK
949 _a510 L32 1
_wDEWEY
_c1
_i63058
_lCCODEBUL1
_mBUL
_p6.00
_r0
_sY
_tBOOK
_u2015-7-6
_xINGENIERIA
_zUNKNOWN
_o.STAFF. Colección General
949 _a510 L32 1
_wDEWEY
_c2
_i69218
_lCCODEBUL1
_mBUL
_p6.00
_r0
_sY
_tBOOK
_u2015-7-6
_xINGENIERIA
_PP24
_o.STAFF. Colección General
949 _a510 L32 1 2007
_wDEWEY
_c1
_iFJ11710
_lCCODEBUL1
_mBUL
_p22.00
_r0
_sY
_tBOOK
_u2022-04-18
_xINGENIERIA
_PP25
_o.STAFF. Colección General Juliaca
994 _aC0
_bPEPRU
596 _a1 3
999 _a510 L32 1
_wDEWEY
_c52075
_i63058
_d52075
_e2018-6-11
_f2019-12-13
_g3
_lDISCARD
_mBUL
_n37
_p6.00
_q4
_r0
_sY
_tBOOK
_u2015-7-6
_xINGENIERIA
_PP24
_0COMPRA
_o.STAFF. Colección General
999 _a510 L32 1
_wDEWEY
_c2
_i69218
_d2015-8-4
_e2015-8-3
_f2021-11-5
_g2
_lCCODEBUL1
_mBUL
_n1
_p6.00
_r0
_sY
_tBOOK
_u2015-7-6
_xBIBLIOTECA
_PP24
_0COMPRA
_o.STAFF. Colección General
999 _a510 L32 1 2007
_wDEWEY
_c1
_iFJ11710
_lCCODEBUJ1
_mBUJ
_p22.00
_r0
_sY
_tBOOK
_u2022-4-18
_xINGENIERIA
_PP25
_0DONACION
_o.STAFF. Colección General Juliaca
980 _81
_gALBERTO SANCHEZ Responsable de Automatización